| 000 | 00759nam a2200241 i 4500 | ||
|---|---|---|---|
| 001 | bg | ||
| 100 | 1 | _aKAMIEŃSKA-KRZOWSKA, Barbara | |
| 245 | 1 | 0 |
_aLaboratorium metrologii wielkości geometrycznych / _cBarbara Kamieńska-Krzowska, Krzysztof Kujan ; Politechnika Lubelska. |
| 260 |
_aLublin : _bWydaw. PL, _c1999. |
||
| 300 |
_a253 s., [5] k. tabl. złoż. : _bil. ; _c24 cm. |
||
| 504 | _aBibliogr., wykaz norm i aktów prawnych przy ćw. | ||
| 650 | 9 | _aPomiary | |
| 655 | _aPodręczniki akademickie | ||
| 700 | 1 | _aKUJAN, Krzysztof | |
| 710 | 0 | _aPolitechnika Lubelska | |
| 020 | _a8388110063 | ||
| 040 | _cBPK | ||
| 041 | 0 | _apl | |
| 080 | _a531.7(075.8) | ||
| 920 | _a83-88110-06-3 | ||
| 942 | _cKS | ||
| 008 | s pl f |000 0 pol | ||
| 999 |
_c38823 _d38823 |
||
| 856 |
_uhttp://koha.tu.koszalin.pl/cgi-bin/koha/opac-detail.pl?biblionumber=38823 _yKatalog online BPK |
||